00577nam a2200193Ia 450000500170000000800410001702000150005808200130007324500730008626000390015930000120019865000100021065000140022065000140023470000190024894200060026795200950027399900150036820240605043914.0240331s9999 xx 000 0 und d a0861318293 bSOCa376 0aSocialisation education and women :bexplorations in gender identity aLondonbSangam Books Limitedc1988 a320 p., aWomen aSociology aEducation aChanana, K. ed cL 001040708LaWERCLbWERCLcSSCd2024-03-31l0o 376 SOCp2035r2024-03-31w2024-03-31yL c2973d2973